[Event "25. Open Internacional de Parla 2010"]
[Site "Parla ESP"]
[Date "2010.09.11"]
[Round "8.46"]
[White "Kalynovsky, Martin"]
[Black "Morona Minguez, Irene"]
[Result "0-1"]
[WhiteElo "1634"]
[BlackElo "1815"]
[PlyCount "88"]
[EventDate "2010.09.04"]
[EventType "swiss"]
[EventRounds "9"]
[EventCountry "ESP"]
[Source "lmi"]
[SourceDate "2010.09.04"]

1. e4 c5 2. Nf3 e6 3. d4 cxd4 4. Nxd4 Nc6 5. Be3 Nf6 6. Nc3 a6 7. a3 Qc7 8. g3
Be7 9. Bg2 Ne5 10. Bf4 d6 11. Bxe5 dxe5 12. Nb3 b5 13. O-O Bb7 14. Qe2 O-O 15.
Rfe1 Rac8 16. Rad1 b4 17. axb4 Bxb4 18. Rd3 a5 19. Re3 a4 20. Qb5 axb3 21. Qxb4
bxc2 22. Qb3 Rfd8 23. Qxc2 Qb6 24. h3 Rd4 25. Kh2 Ba6 26. Bf1 Bxf1 27. Rxf1 Rb4
28. Rb1 h6 29. Kg2 Ne8 30. Re2 Nd6 31. Qd2 Rb3 32. Na4 Qc6 33. Nc3 Qa6 34. Qd1
Rcb8 35. Rc2 R3b4 36. Re2 Nc4 37. Rc2 Qb7 38. Qc1 Nd6 39. f3 f5 40. Qd2 Rd4 41.
Qe2 fxe4 42. fxe4 Nxe4 43. Nxe4 Rxe4 44. Qf3 Rf8 0-1

[Event "25. Open Internacional de Parla 2010"]
[Site "Parla ESP"]
[Date "2010.09.11"]
[Round "8.47"]
[White "Martin Garcia, Francisco Javier"]
[Black "Ruiz Escobar, Israel"]
[Result "0-1"]
[WhiteElo "1575"]
[BlackElo "1815"]
[PlyCount "80"]
[EventDate "2010.09.04"]
[EventType "swiss"]
[EventRounds "9"]
[EventCountry "ESP"]
[Source "lmi"]
[SourceDate "2010.09.04"]

1. d4 d5 2. Nf3 Bf5 3. c4 e6 4. cxd5 exd5 5. Nc3 c6 6. Qb3 Qb6 7. Qa4 Nd7 8.
Ne5 Bd6 9. Nxd7 Bxd7 10. Qd1 Nf6 11. f3 Qc7 12. g3 O-O 13. Be3 Qb6 14. Qd2 Ne8
15. Bg2 f5 16. Bf2 f4 17. e4 fxe3 18. Bxe3 Nf6 19. O-O Rae8 20. Bf2 Qd8 21. a3
Qc8 22. Rac1 Bh3 23. b4 Bxg2 24. Kxg2 Qf5 25. Rce1 a5 26. Rb1 axb4 27. axb4 Nd7
28. Bg1 Nb6 29. Qd1 Nc4 30. b5 Re3 31. Rb3 Rd3 32. g4 Rxd1 33. gxf5 Rxf1 34.
bxc6 bxc6 35. Rb7 Rc1 36. Na4 Rxf5 37. Nc5 Bxc5 38. dxc5 Rg5+ 39. Kf2 Rcxg1 40.
f4 R5g2+ 0-1

[Event "25. Open Internacional de Parla 2010"]
[Site "Parla ESP"]
[Date "2010.09.11"]
[Round "8.49"]
[White "De la Orden Alcocer, Alejandro"]
[Black "Garcia-Ines Sanchez, Gustavo"]
[Result "1-0"]
[WhiteElo "1798"]
[BlackElo "1685"]
[PlyCount "73"]
[EventDate "2010.09.04"]
[EventType "swiss"]
[EventRounds "9"]
[EventCountry "ESP"]
[Source "lmi"]
[SourceDate "2010.09.04"]

1. c4 Nf6 2. g3 g6 3. Bg2 Bg7 4. Nc3 d6 5. Rb1 O-O 6. b4 e5 7. d3 Be6 8. Nf3
Nc6 9. Ng5 Rb8 10. Nxe6 fxe6 11. b5 Ne7 12. Qa4 d5 13. Qxa7 e4 14. dxe4 b6 15.
Qa3 dxc4 16. Bh3 e5 17. Qb4 Kh8 18. O-O h5 19. Rd1 Qe8 20. Qxc4 Ng4 21. f3 Nh6
22. Qxc7 Nef5 23. exf5 Rf7 24. Qc6 Qf8 25. Ne4 Nxf5 26. Qxg6 Nd4 27. Qxh5+ Kg8
28. Rb2 Nxf3+ 29. exf3 Rxf3 30. Be6+ Rf7 31. Rf2 Rbb7 32. Rxf7 Rxf7 33. Qg6 Qe7
34. Ba3 Qxa3 35. Rd8+ Qf8 36. Nf6+ Kh8 37. Qh7# 1-0

[Event "25. Open Internacional de Parla 2010"]
[Site "Parla ESP"]
[Date "2010.09.11"]
[Round "8.51"]
[White "Gutierrez Garcia, Alberto"]
[Black "Alcazar Mata, Jesus"]
[Result "0-1"]
[WhiteElo "1694"]
[BlackElo "1666"]
[PlyCount "96"]
[EventDate "2010.09.04"]
[EventType "swiss"]
[EventRounds "9"]
[EventCountry "ESP"]
[Source "lmi"]
[SourceDate "2010.09.04"]

1. e4 e5 2. Nc3 Nf6 3. Bc4 Nc6 4. Nf3 Nxe4 5. Nxe4 d5 6. Bd3 dxe4 7. Bxe4 Bd6
8. Bxc6+ bxc6 9. d3 O-O 10. h3 Bb7 11. O-O c5 12. Re1 Qf6 13. Bd2 Rae8 14. Bc3
Qg6 15. Nh4 Qe6 16. f4 e4 17. f5 Qh6 18. Qg4 g5 19. fxg6 fxg6 20. dxe4 Bc8 21.
Nf5 Qf4 22. Qxf4 Bxf4 23. g3 gxf5 24. gxf4 fxe4 25. Be5 Bxh3 26. Rxe4 c6 27.
Kf2 h5 28. Rg1+ Bg4 29. Ke3 Rd8 30. Ra4 Rf7 31. Ra6 Rc8 32. Rg2 Rd7 33. Rd2 Rh7
34. Rd6 Bf5 35. c4 h4 36. Rd2 h3 37. Rh2 Rd7 38. Ra3 Kf7 39. Rc3 Rg8 40. Kf3
Rd1 41. Re3 Rdg1 42. Bd6 Rf1+ 43. Ke2 Rgg1 44. Bxc5 Re1+ 45. Kf3 Rgf1+ 46. Rf2
h2 47. Re7+ Kf6 48. Rxf1 Rxf1+ 0-1

[Event "25. Open Internacional de Parla 2010"]
[Site "Parla ESP"]
[Date "2010.09.11"]
[Round "8.54"]
[White "Roldan Criado, Angel"]
[Black "Garcia-Osorio Prado, Miguel Angel"]
[Result "0-1"]
[WhiteElo "1462"]
[BlackElo "1675"]
[PlyCount "84"]
[EventDate "2010.09.04"]
[EventType "swiss"]
[EventRounds "9"]
[EventCountry "ESP"]
[Source "lmi"]
[SourceDate "2010.09.04"]

1. Nf3 d5 2. d4 e6 3. e3 Nf6 4. Nc3 c5 5. Be2 Bd6 6. Bd2 Nc6 7. Bb5 O-O 8. Bxc6
bxc6 9. Na4 c4 10. Nc3 c5 11. b3 Ba6 12. O-O cxb3 13. Re1 bxa2 14. Nxa2 Ne4 15.
c3 Bc4 16. Bc1 Bxa2 17. Rxa2 Nxc3 18. Qd2 Nxa2 19. Qxa2 c4 20. Bd2 a5 21. Bc3
Bb4 22. Rc1 Qd6 23. g3 Rfb8 24. h4 Bxc3 25. Rxc3 Qb4 26. Qd2 f6 27. Kg2 a4 28.
g4 a3 29. Ne1 Qd6 30. Rc2 Qa6 31. Ra2 Rb2 32. Rxb2 axb2 33. Qxb2 Qd6 34. Qb5
Rb8 35. Qa4 e5 36. Nf3 Qc7 37. Qa6 e4 38. Nd2 h6 39. h5 Kh8 40. Nf1 c3 41. Qa1
c2 42. Qc1 Rb1 0-1

[Event "25. Open Internacional de Parla 2010"]
[Site "Parla ESP"]
[Date "2010.09.11"]
[Round "8.56"]
[White "Garcia Andrinal, Antonio"]
[Black "Sanchez Tapia, Luis"]
[Result "1-0"]
[WhiteElo "1748"]
[BlackElo "1638"]
[PlyCount "79"]
[EventDate "2010.09.04"]
[EventType "swiss"]
[EventRounds "9"]
[EventCountry "ESP"]
[Source "lmi"]
[SourceDate "2010.09.04"]

1. e4 c6 2. d4 d5 3. e5 Bf5 4. Nc3 h6 5. Nf3 e6 6. Bd3 Bxd3 7. Qxd3 a5 8. O-O
b5 9. Ne2 Na6 10. Ng3 Qb6 11. c3 O-O-O 12. Be3 g6 13. b3 Ne7 14. c4 b4 15. Rac1
Bg7 16. Rc2 Kb7 17. Rfc1 Rc8 18. Nd2 Rc7 19. Nf3 h5 20. Bg5 Nf5 21. cxd5 cxd5
22. Rxc7+ Nxc7 23. Nxf5 gxf5 24. Be7 Bf8 25. Bf6 Rg8 26. Bd8 Bd6 27. exd6 Rxd8
28. Rxc7+ Kb8 29. Rc5 Ka8 30. Ne5 Rxd6 31. Nxf7 Rc6 32. Qc2 Rxc5 33. dxc5 Qc7
34. Nd6 Kb8 35. h3 Qg7 36. Qe2 Qd7 37. Qa6 Qc7 38. Qb5+ Ka8 39. Qe8+ Qb8 40.
Qc6+ 1-0

[Event "25. Open Internacional de Parla 2010"]
[Site "Parla ESP"]
[Date "2010.09.12"]
[Round "9.1"]
[White "Strikovic, Aleksa"]
[Black "Rubio Mejia, Luis Ignacio"]
[Result "1-0"]
[WhiteElo "2560"]
[BlackElo "2373"]
[PlyCount "69"]
[EventDate "2010.09.04"]
[EventType "swiss"]
[EventRounds "9"]
[EventCountry "ESP"]
[Source "lmi"]
[SourceDate "2010.09.04"]

1. c4 e5 2. Nc3 Nf6 3. Nf3 Nc6 4. g3 Bb4 5. Bg2 O-O 6. O-O e4 7. Ne1 Bxc3 8.
dxc3 h6 9. Nc2 b6 10. Ne3 Bb7 11. a4 a5 12. Nd5 Ne5 13. b3 Re8 14. f4 exf3 15.
exf3 Nxd5 16. cxd5 Qf6 17. Ra2 c6 18. f4 Ng6 19. c4 cxd5 20. Rd2 Nf8 21. f5
Rab8 22. Bxd5 Qe5 23. Bxb7 Rxb7 24. Rd5 Qe2 25. Qxe2 Rxe2 26. Bd2 d6 27. Re1
Rxe1+ 28. Bxe1 Nd7 29. Rxd6 Nc5 30. Bf2 Nd7 31. Bd4 f6 32. Kf2 Kf7 33. Rc6 Ke7
34. Kf3 Nc5 35. Rxb6 1-0

[Event "25. Open Internacional de Parla 2010"]
[Site "Parla ESP"]
[Date "2010.09.12"]
[Round "9.2"]
[White "Gomez Garrido, Camilo"]
[Black "Corrales Jimenez, Fidel"]
[Result "1/2-1/2"]
[WhiteElo "2514"]
[BlackElo "2599"]
[PlyCount "21"]
[EventDate "2010.09.04"]
[EventType "swiss"]
[EventRounds "9"]
[EventCountry "ESP"]
[Source "lmi"]
[SourceDate "2010.09.04"]

1. e4 c5 2. Nf3 d6 3. Bb5+ Bd7 4. Qe2 Bxb5 5. Qxb5+ Qd7 6. Qxd7+ Nxd7 7. O-O
Ngf6 8. Re1 g6 9. d3 Bg7 10. Nc3 O-O 11. Bg5 1/2-1/2

[Event "25. Open Internacional de Parla 2010"]
[Site "Parla ESP"]
[Date "2010.09.12"]
[Round "9.3"]
[White "Barria Zuñiga, Daniel"]
[Black "Vazquez Igarza, Renier"]
[Result "0-1"]
[WhiteElo "2419"]
[BlackElo "2535"]
[PlyCount "82"]
[EventDate "2010.09.04"]
[EventType "swiss"]
[EventRounds "9"]
[EventCountry "ESP"]
[Source "lmi"]
[SourceDate "2010.09.04"]

1. d4 Nf6 2. c4 e6 3. Nf3 d5 4. Nc3 c6 5. Bg5 h6 6. Bxf6 Qxf6 7. e3 g6 8. Bd3
Bg7 9. O-O O-O 10. Rc1 Nd7 11. cxd5 exd5 12. b4 Qd6 13. Qb3 Nb6 14. b5 Bg4 15.
bxc6 bxc6 16. Nd2 Rab8 17. a4 Be6 18. Qd1 Nd7 19. h3 Rfc8 20. Re1 c5 21. Ne2 c4
22. Bb1 f5 23. Bc2 Rb2 24. Rb1 Rcb8 25. Rxb2 Rxb2 26. Qc1 Qb4 27. Nf3 Bf8 28.
Rd1 Bd6 29. Rd2 Kg7 30. Rd1 Qa3 31. Rf1 Bf7 32. Rd1 a5 33. Rf1 Be6 34. Rd1 g5
35. Nh2 Nf6 36. Nf1 Bd7 37. Re1 Bb4 38. Rd1 Rxc2 39. Qxc2 Bxa4 40. Qxf5 Bxd1
41. Neg3 Qd3 0-1

[Event "25. Open Internacional de Parla 2010"]
[Site "Parla ESP"]
[Date "2010.09.12"]
[Round "9.4"]
[White "Taboas Rodriguez, Daniel"]
[Black "Del Rio de Angelis, Salvador G"]
[Result "1-0"]
[WhiteElo "2381"]
[BlackElo "2515"]
[PlyCount "59"]
[EventDate "2010.09.04"]
[EventType "swiss"]
[EventRounds "9"]
[EventCountry "ESP"]
[Source "lmi"]
[SourceDate "2010.09.04"]

1. d4 e6 2. c4 Nf6 3. Nf3 Nc6 4. Nc3 Bb4 5. Qc2 d6 6. Bd2 O-O 7. a3 Bxc3 8.
Bxc3 Qe7 9. e3 e5 10. d5 Nb8 11. Be2 Ng4 12. h3 Nh6 13. g4 f5 14. g5 Nf7 15. h4
e4 16. Nd4 c5 17. dxc6 bxc6 18. Rg1 Ne5 19. O-O-O Ba6 20. Qb3 Qf7 21. h5 Nbd7
22. g6 hxg6 23. hxg6 Nxg6 24. Bh5 Nde5 25. Nxc6 Bxc4 26. Nxe5 dxe5 27. Qb4 Bd3
28. Rxg6 Qa2 29. Kd2 Rab8 30. Bxe5 1-0

[Event "25. Open Internacional de Parla 2010"]
[Site "Parla ESP"]
[Date "2010.09.12"]
[Round "9.5"]
[White "Abreu Delgado, Aryam"]
[Black "Roa Alonso, Santiago"]
[Result "1/2-1/2"]
[WhiteElo "2473"]
[BlackElo "2454"]
[PlyCount "143"]
[EventDate "2010.09.04"]
[EventType "swiss"]
[EventRounds "9"]
[EventCountry "ESP"]
[Source "lmi"]
[SourceDate "2010.09.04"]

1. e4 e5 2. Nf3 Nc6 3. Bb5 a6 4. Ba4 Nf6 5. O-O Be7 6. d3 b5 7. Bb3 d6 8. a4 b4
9. a5 O-O 10. Nbd2 Be6 11. Bc4 h6 12. Re1 Nh7 13. Bd5 Qd7 14. d4 exd4 15. Nb3
Nf6 16. Bxc6 Qxc6 17. Nbxd4 Qd7 18. Nxe6 fxe6 19. e5 Nd5 20. Qe2 Nf4 21. Bxf4
Rxf4 22. exd6 cxd6 23. Qxe6+ Qxe6 24. Rxe6 Bf6 25. Rb1 Rf5 26. Rxd6 Rxa5 27.
Rb6 Bxb2 28. Rxb4 Bf6 29. Rb8+ Rxb8 30. Rxb8+ Kf7 31. Kf1 Rc5 32. Ra8 a5 33.
Ne1 Ke6 34. Nd3 Rxc2 35. Rxa5 Rd2 36. Nc5+ Kf7 37. Ne4 Rb2 38. Ra7+ Kg6 39. g4
Rb4 40. Nxf6 Kxf6 41. h3 g5 42. Ra6+ Kg7 43. Kg2 Rb3 44. Ra5 Kg6 45. Re5 Rb4
46. Re1 h5 47. gxh5+ Kxh5 48. Kg3 Kg6 49. f3 Ra4 50. Re4 Ra2 51. Rb4 Rc2 52. h4
gxh4+ 53. Kxh4 Rc6 54. Kg4 Ra6 55. f4 Rc6 56. Rb5 Ra6 57. Rg5+ Kf7 58. Rh5 Kg7
59. Kg5 Rb6 60. Rh1 Ra6 61. Rc1 Ra5+ 62. f5 Ra6 63. Rc7+ Kf8 64. Rh7 Kg8 65.
Rh6 Rxh6 66. Kxh6 Kf7 67. Kg5 Kg7 68. f6+ Kf7 69. Kf5 Kf8 70. Ke6 Ke8 71. f7+
Kf8 72. Kf6 1/2-1/2

[Event "25. Open Internacional de Parla 2010"]
[Site "Parla ESP"]
[Date "2010.09.12"]
[Round "9.6"]
[White "Elissalt Cardenas, Hector"]
[Black "Gongora Reyes, Maikel"]
[Result "1/2-1/2"]
[WhiteElo "2357"]
[BlackElo "2468"]
[PlyCount "79"]
[EventDate "2010.09.04"]
[EventType "swiss"]
[EventRounds "9"]
[EventCountry "ESP"]
[Source "lmi"]
[SourceDate "2010.09.04"]

1. d4 d5 2. c4 c6 3. Nf3 Nf6 4. Nc3 a6 5. e3 b5 6. cxd5 cxd5 7. Ne2 e6 8. Nf4
Bd6 9. Nd3 O-O 10. Bd2 a5 11. a4 b4 12. Nfe5 Ba6 13. Be2 Ne4 14. O-O f6 15. Nf3
Nd7 16. Rc1 Qb6 17. Be1 Rfc8 18. Nd2 Rxc1 19. Nxc1 Bxe2 20. Nxe2 Nxd2 21. Bxd2
Qc7 22. h3 Rc8 23. Qa1 Nb6 24. Rc1 Qd7 25. Rxc8+ Qxc8 26. Qd1 Qc6 27. b3 Nd7
28. f3 Kf7 29. Kf2 g6 30. Qb1 f5 31. Qc1 Qxc1 32. Nxc1 h5 33. Ke2 Kf6 34. Be1
g5 35. Kd3 Nf8 36. Ne2 Ng6 37. Bf2 Ke7 38. Be1 Bc7 39. Bf2 Bd6 40. Be1 1/2-1/2

[Event "25. Open Internacional de Parla 2010"]
[Site "Parla ESP"]
[Date "2010.09.12"]
[Round "9.7"]
[White "Hernando Pertierra, Jose Carlos"]
[Black "Montañes Arribas, Adrian"]
[Result "1-0"]
[WhiteElo "2386"]
[BlackElo "2114"]
[PlyCount "149"]
[EventDate "2010.09.04"]
[EventType "swiss"]
[EventRounds "9"]
[EventCountry "ESP"]
[Source "lmi"]
[SourceDate "2010.09.04"]

1. Nf3 d5 2. g3 Nf6 3. Bg2 c6 4. O-O Bg4 5. c4 e6 6. Qb3 Qb6 7. d4 Nbd7 8. Nc3
Be7 9. Bg5 O-O 10. Ne5 Rfe8 11. Nxg4 Nxg4 12. Bxe7 Rxe7 13. Qxb6 Nxb6 14. c5
Nd7 15. h3 Ngf6 16. f4 Ne8 17. b4 Nc7 18. a4 f6 19. e4 f5 20. e5 Ree8 21. b5
Reb8 22. Rfb1 Kf7 23. Bf1 a6 24. b6 Ne8 25. a5 g6 26. g4 Ng7 27. Na2 Rh8 28.
Be2 h5 29. Kg2 hxg4 30. hxg4 fxg4 31. Bxg4 Nf5 32. Bxf5 exf5 33. Rh1 Rxh1 34.
Rxh1 Nf8 35. Nb4 Kg7 36. Kf3 Ne6 37. Ke3 Rb8 38. Nd3 Re8 39. Ne1 Rb8 40. Nf3
Re8 41. Rh4 Rb8 42. Kf2 Re8 43. Kg3 Rb8 44. Rh2 Re8 45. Rh1 Rb8 46. Re1 Re8 47.
Re2 Re7 48. Rg2 Re8 49. Rg1 Rb8 50. Kf2 Nxf4 51. Ke3 Nh3 52. Rh1 Rh8 53. e6 Rh5
54. Ne5 Kf6 55. Kd2 Ng5 56. e7 Ne4+ 57. Kc2 Kxe7 58. Nxg6+ Kf6 59. Rxh5 Kxg6
60. Rh8 f4 61. Kd3 f3 62. Ke3 f2 63. Ke2 Nd2 64. Kxf2 Nc4 65. Ke2 Nxa5 66. Kd3
Kg5 67. Rh7 Kg6 68. Rc7 Kf6 69. Kc3 Kf5 70. Kb4 Nc4 71. Rxb7 Ke4 72. Kc3 Na3
73. Re7+ Kf5 74. b7 Nb5+ 75. Kd3 1-0

[Event "25. Open Internacional de Parla 2010"]
[Site "Parla ESP"]
[Date "2010.09.12"]
[Round "9.8"]
[White "Longa Yauca, Javier"]
[Black "Cerrato Torrijos, Maria"]
[Result "1-0"]
[WhiteElo "2313"]
[BlackElo "2055"]
[PlyCount "81"]
[EventDate "2010.09.04"]
[EventType "swiss"]
[EventRounds "9"]
[EventCountry "ESP"]
[Source "lmi"]
[SourceDate "2010.09.04"]

1. d4 Nf6 2. Nf3 e6 3. Bg5 c5 4. e3 cxd4 5. exd4 Be7 6. Bd3 b6 7. O-O Ba6 8.
Bxa6 Nxa6 9. c4 O-O 10. Nc3 d5 11. Bxf6 Bxf6 12. cxd5 exd5 13. Qb3 Nc7 14. Rfe1
Qd6 15. a4 a6 16. Re3 Rad8 17. Rd1 b5 18. axb5 Rb8 19. Ne5 axb5 20. f4 b4 21.
Ne2 Ne6 22. g3 Bd8 23. f5 Nc7 24. h4 Nb5 25. Kg2 Bf6 26. Nf4 Rbd8 27. Qd3 Qb6
28. Nf3 Qc6 29. g4 Rde8 30. g5 Bd8 31. Ne5 Qb7 32. f6 g6 33. h5 gxh5 34. Rh1
Rxe5 35. Rxe5 Nd6 36. Qf3 Qc8 37. Qxh5 Qc2+ 38. Kf3 Nc4 39. Re2 Qf5 40. Qh6
Nd2+ 41. Kg3 1-0

[Event "25. Open Internacional de Parla 2010"]
[Site "Parla ESP"]
[Date "2010.09.12"]
[Round "9.9"]
[White "Suarez Uriel, Adrian"]
[Black "Ballesteros Gonzalez, David"]
[Result "0-1"]
[WhiteElo "2180"]
[BlackElo "2196"]
[PlyCount "56"]
[EventDate "2010.09.04"]
[EventType "swiss"]
[EventRounds "9"]
[EventCountry "ESP"]
[Source "lmi"]
[SourceDate "2010.09.04"]

1. e4 c5 2. Ne2 d6 3. g3 Nc6 4. Bg2 g6 5. c3 Bg7 6. d4 cxd4 7. cxd4 Qb6 8. Nbc3
Nf6 9. O-O O-O 10. h3 Bd7 11. Kh2 e5 12. dxe5 dxe5 13. Be3 Nd4 14. f4 Qxb2 15.
Rb1 Qa3 16. Bc1 Qa5 17. fxe5 Nxe2 18. Qxe2 Nh5 19. Nd5 Bxe5 20. Bf4 Bxf4 21.
gxf4 Bc6 22. Ne7+ Kh8 23. Qb2+ f6 24. Nxc6 bxc6 25. e5 Rad8 26. e6 Rfe8 27. Qb3
Rd2 28. Qb7 Qd5 0-1

[Event "25. Open Internacional de Parla 2010"]
[Site "Parla ESP"]
[Date "2010.09.12"]
[Round "9.10"]
[White "Perez Gonzalez, Jose Manuel"]
[Black "Alcaraz Amoros, Antonio"]
[Result "1-0"]
[WhiteElo "2318"]
[BlackElo "2143"]
[PlyCount "35"]
[EventDate "2010.09.04"]
[EventType "swiss"]
[EventRounds "9"]
[EventCountry "ESP"]
[Source "lmi"]
[SourceDate "2010.09.04"]

1. e4 c6 2. d4 d5 3. e5 Bf5 4. Nc3 Qb6 5. Nf3 e6 6. Be2 c5 7. O-O Nd7 8. dxc5
Nxc5 9. Nd4 Bg6 10. Be3 a6 11. f4 Qc7 12. f5 exf5 13. Nxd5 Qxe5 14. c4 Qb8 15.
Nb6 Ra7 16. b4 Nd7 17. Nxd7 Kxd7 18. Nb5+ 1-0

[Event "25. Open Internacional de Parla 2010"]
[Site "Parla ESP"]
[Date "2010.09.12"]
[Round "9.11"]
[White "Fernandez Lledo, Javier"]
[Black "Rodriguez Lopez, Rafael"]
[Result "1/2-1/2"]
[WhiteElo "2136"]
[BlackElo "2314"]
[PlyCount "106"]
[EventDate "2010.09.04"]
[EventType "swiss"]
[EventRounds "9"]
[EventCountry "ESP"]
[Source "lmi"]
[SourceDate "2010.09.04"]

1. e4 c5 2. Nf3 d6 3. d4 cxd4 4. Nxd4 Nf6 5. Nc3 a6 6. Rg1 e5 7. Nb3 Be6 8. g4
d5 9. exd5 Nxd5 10. Nxd5 Qxd5 11. Qxd5 Bxd5 12. Be3 Nc6 13. O-O-O O-O-O 14. g5
Kc7 15. c4 Bf3 16. Rxd8 Nxd8 17. Rg3 Bh5 18. f4 exf4 19. Bxf4+ Bd6 20. Bxd6+
Kxd6 21. Rd3+ Kc7 22. Bh3 Ne6 23. Bxe6 fxe6 24. Nc5 Bg4 25. b4 e5 26. Rd5 Re8
27. Kd2 Bc8 28. Ke3 b6 29. Nd3 e4 30. Nf2 Bb7 31. Rd4 Rf8 32. Nxe4 Rf1 33. Nd6
Rf3+ 34. Ke2 Rh3 35. Nxb7 Rxh2+ 36. Kd3 Kxb7 37. Rd7+ Kc6 38. Rxg7 Rxa2 39.
Rxh7 Rg2 40. Rh6+ Kc7 41. Rg6 Rg4 42. Rg8 Rg3+ 43. Kd4 a5 44. bxa5 bxa5 45. g6
a4 46. g7 Kb7 47. c5 a3 48. c6+ Kc7 49. Ra8 a2 50. Rxa2 Kxc6 51. Ra7 Kd6 52.
Ke4 Ke6 53. Kf4 Rg1 1/2-1/2

[Event "25. Open Internacional de Parla 2010"]
[Site "Parla ESP"]
[Date "2010.09.12"]
[Round "9.12"]
[White "Sanchez Gonzalez, Sergio"]
[Black "Ramos Aldoradin, John Paul"]
[Result "1-0"]
[WhiteElo "2288"]
[BlackElo "2126"]
[PlyCount "73"]
[EventDate "2010.09.04"]
[EventType "swiss"]
[EventRounds "9"]
[EventCountry "ESP"]
[Source "lmi"]
[SourceDate "2010.09.04"]

1. c4 Nf6 2. Nc3 g6 3. e4 d6 4. d4 Bg7 5. Nf3 O-O 6. h3 e5 7. d5 Ne8 8. g4 f5
9. gxf5 gxf5 10. Bg5 Qd7 11. Nh4 h6 12. Bd2 fxe4 13. Nxe4 Nf6 14. Bd3 Qf7 15.
Qe2 Nh5 16. Rg1 Nf4 17. Bxf4 exf4 18. O-O-O Nd7 19. Bb1 Ne5 20. Qc2 Bf5 21.
Nf6+ Qxf6 22. Nxf5 Nd3+ 23. Rxd3 Qxf5 24. Qb3 Qf6 25. Rd2 Rfe8 26. Qd3 Re7 27.
Qh7+ Kf8 28. f3 Rae8 29. Be4 Qh4 30. Kb1 Rf7 31. Rdg2 Rxe4 32. Qxe4 Re7 33.
Qf5+ Kg8 34. Qc8+ Kh7 35. Qg4 Re1+ 36. Kc2 Rxg1 37. Qxg7# 1-0

[Event "25. Open Internacional de Parla 2010"]
[Site "Parla ESP"]
[Date "2010.09.12"]
[Round "9.13"]
[White "Ortega Ruiz, Jose Miguel"]
[Black "Villar Perez, Samuel"]
[Result "0-1"]
[WhiteElo "2278"]
[BlackElo "2087"]
[PlyCount "98"]
[EventDate "2010.09.04"]
[EventType "swiss"]
[EventRounds "9"]
[EventCountry "ESP"]
[Source "lmi"]
[SourceDate "2010.09.04"]

1. d4 Nf6 2. c4 g6 3. Nc3 d5 4. cxd5 Nxd5 5. e4 Nxc3 6. bxc3 Bg7 7. Bc4 c5 8.
Ne2 Nc6 9. Be3 O-O 10. O-O Bg4 11. f3 Na5 12. Bxf7+ Rxf7 13. fxg4 Rxf1+ 14.
Kxf1 Qd6 15. Kg1 Qe6 16. Ng3 Qc4 17. Qd2 Rd8 18. Rd1 Nc6 19. Ne2 e5 20. d5 Qxe4
21. Bxc5 Qxg4 22. d6 Bf8 23. Qd5+ Kh8 24. Ng3 b6 25. Ba3 Qa4 26. Qb3 Qxb3 27.
axb3 Na5 28. Ne4 h6 29. Rd5 Nxb3 30. Rxe5 Kg7 31. Rd5 Kf7 32. c4 Ke6 33. Rd3
Ke5 34. Nf2 Na5 35. c5 bxc5 36. Bxc5 Nc6 37. Ng4+ Ke6 38. Re3+ Kd5 39. Ba3 Bxd6
40. Bxd6 Rxd6 41. Nxh6 a5 42. Nf7 Rf6 43. Ng5 Kc4 44. Ne4 Kd4 45. Nxf6 Kxe3 46.
Nd5+ Kd4 47. Nb6 Kc5 48. Na4+ Kb4 49. Nb6 Ne7 0-1

[Event "25. Open Internacional de Parla 2010"]
[Site "Parla ESP"]
[Date "2010.09.02"]
[Round "9.14"]
[White "Madina Yadarola, Martin"]
[Black "Aziz Ortego, Omar Luis"]
[Result "1-0"]
[WhiteElo "2254"]
[BlackElo "2080"]
[PlyCount "95"]
[EventDate "2010.09.04"]
[EventType "swiss"]
[EventRounds "9"]
[EventCountry "ESP"]
[Source "lmi"]
[SourceDate "2010.09.04"]

1. e4 e6 2. d3 c5 3. g3 Nc6 4. Bg2 g6 5. f4 Bg7 6. Nf3 d6 7. O-O Nge7 8. c3 f5
9. Be3 O-O 10. Nbd2 Rb8 11. a4 b6 12. h3 h6 13. g4 d5 14. gxf5 exf5 15. e5 Kh7
16. d4 cxd4 17. cxd4 Nb4 18. Qb3 a5 19. Rfc1 Ba6 20. Rc3 Qd7 21. Rac1 Rfc8 22.
Ne1 Rc6 23. Nc2 Nxc2 24. R1xc2 Rbc8 25. Bf2 g5 26. Be3 Rg6 27. Kh2 Bf8 28. Rxc8
Bxc8 29. Nb1 Bb7 30. Nc3 gxf4 31. Bxf4 Rc6 32. Rd2 Rg6 33. Nb5 Nc8 34. Rc2 Rc6
35. Nc3 Ne7 36. Bf1 Ng6 37. Rf2 Re6 38. Bd3 Ne7 39. Bg3 Kh8 40. Qd1 Bg7 41. Nb5
Bc6 42. Nd6 Bxa4 43. b3 Bc6 44. Nxf5 Nxf5 45. Bxf5 Qe8 46. Bxe6 Qxe6 47. Bh4
Bd7 48. Qf3 1-0

[Event "25. Open Internacional de Parla 2010"]
[Site "Parla ESP"]
[Date "2010.09.12"]
[Round "9.15"]
[White "Ramirez Garcia, Jorge Alberto"]
[Black "Bote Kobolo, Benjamin"]
[Result "1-0"]
[WhiteElo "2246"]
[BlackElo "1969"]
[PlyCount "111"]
[EventDate "2010.09.04"]
[EventType "swiss"]
[EventRounds "9"]
[EventCountry "ESP"]
[Source "lmi"]
[SourceDate "2010.09.04"]

1. e4 Nc6 2. Nf3 d6 3. d4 Bg4 4. Be3 Nf6 5. Nbd2 d5 6. e5 Ne4 7. Be2 e6 8. O-O
Be7 9. Re1 O-O 10. c3 f5 11. exf6 Bxf6 12. Nxe4 dxe4 13. Nd2 Bf5 14. Qc2 Bg5
15. Nxe4 Bxe3 16. fxe3 Qh4 17. Bd3 Ne7 18. Ng3 Rf6 19. e4 Bg4 20. Be2 Rh6 21.
Nf1 Rf8 22. g3 Qg5 23. Bxg4 Qxg4 24. Qe2 Qg5 25. Nd2 Ng6 26. Kh1 Qxg3 27. Rf1
Nf4 28. Qf2 Qh3 29. Rae1 Rff6 30. Re3 Qh5 31. e5 Rf5 32. Rf3 Nh3 33. Qg2 Rxf3
34. Qxf3 Qe8 35. Ne4 Qe7 36. Qg2 g5 37. Rf3 Qg7 38. Rxh3 Rxh3 39. Qxh3 Qg6 40.
Qg2 h6 41. Nf6+ Kf7 42. Qe4 Qxe4+ 43. Nxe4 b6 44. Kg2 Kg6 45. Nf6 c5 46. dxc5
bxc5 47. b4 c4 48. Kf3 Kf5 49. Nd7 g4+ 50. Ke3 h5 51. b5 h4 52. Kf2 Ke4 53. a4
Kd5 54. a5 a6 55. bxa6 Kc6 56. Nc5 1-0

[Event "25. Open Internacional de Parla 2010"]
[Site "Parla ESP"]
[Date "2010.09.12"]
[Round "9.17"]
[White "Nieto de la Cruz, Julio"]
[Black "Prieto Martin, Alfonso"]
[Result "0-1"]
[WhiteElo "2147"]
[BlackElo "2170"]
[PlyCount "72"]
[EventDate "2010.09.04"]
[EventType "swiss"]
[EventRounds "9"]
[EventCountry "ESP"]
[Source "lmi"]
[SourceDate "2010.09.04"]

1. d4 d5 2. c4 dxc4 3. e3 Nf6 4. Bxc4 e6 5. Nf3 c5 6. O-O a6 7. dxc5 Qxd1 8.
Rxd1 Bxc5 9. a3 Nbd7 10. Nbd2 b5 11. Be2 Bb7 12. b4 Ba7 13. Bb2 O-O 14. Rac1
Rac8 15. Nb3 Nd5 16. Na5 Ba8 17. Nd4 Bb6 18. Ndc6 Kh8 19. a4 Bxa5 20. Nxa5 Rxc1
21. Rxc1 bxa4 22. Bxa6 Rb8 23. Ba3 h6 24. b5 Kh7 25. e4 Nf4 26. Rc7 Ne5 27. f3
Rd8 28. Rc2 Rd3 29. Ra2 Rd1+ 30. Kf2 Ned3+ 31. Kg3 Nh5+ 32. Kh4 Ndf4 33. e5 Rd4
34. g3 Bxf3 35. Be7 g5+ 36. Bxg5 hxg5+ 0-1